Central Library OPAC University of Rajshahi
Normal view MARC view

Entry Personal Name

Number of records used in: 2

001 - CONTROL NUMBER

  • control field: 12121

003 - CONTROL NUMBER IDENTIFIER

  • control field: BD-RjUL

005 - DATE AND TIME OF LATEST TRANSACTION

  • control field: 20240306153907.0

008 - FIXED-LENGTH DATA ELEMENTS

  • fixed length control field: 240306|| aca||aabn | a|a d

040 ## - CATALOGING SOURCE

  • Original cataloging agency: BD-RjUL
  • Transcribing agency: BD-RjUL

100 ## - HEADING--PERSONAL NAME

  • Personal name: Beveridge, Henry,
  • Dates associated with a name: 1837-1929

670 ## - SOURCE DATA FOUND

  • Source citation: Work cat.: (BD-RjUL)83257: Jahangir, Emperor of Hindustan, 1569-1627 9324, Tūzuk-i-Jahāngīrī-توزك جهانگیری ;; -Toozuk-i-Jehangeeree--jo "Jahāngīr-nāma" aur "Iqbāl-nāma-e-Jahāngīrī" ke nām-se bhī mausūm hai; yaʻnī, Shahanshāh Jahāngīr ke ʻahd-i salt̤anat kī tārīg̲h̲, jise ... bādshāh ne apnī bādshāhat ke satrahveṅ sāl ke vasat̤ tak taḥrīr-kiyā ..., aur jise taṣḥīh ke-sāth Sir Saiyid Aḥmad (Khān) ne ... 1884 ʻīsavī meṅ ... apne zātī mat̤baʻ meṅ tabʻ-kiyā Tūzuk-i-Jahāngīrī--Toozuk-i-Jehangeeree--jo "Jahāngīr-nāma" aur "Iqbāl-nāma-e-Jahāngīrī" ke nām-se bhī mausūm hai; yaʻnī, Shahanshāh Jahāngīr ke ʻahd-i salt̤anat kī tārīg̲h̲, jise ... bādshāh ne apnī bādshāhat ke satrahveṅ sāl ke vasat̤ tak taḥrīr-kiyā ..., aur jise taṣḥīh ke-sāth Sir Saiyid Aḥmad (Khān) ne ... 1884 ʻīsavī meṅ ... apne zātī mat̤baʻ meṅ tabʻ-kiyā/ , 1968.